000 00744nam a22002537a 4500
003 CBULib
005 20250127123116.0
008 230719b |||||||| |||| 00| 0 eng d
020 _a9780123851109
040 _aLC
_bEnglish
_cCBULib
_dCBULib
_erda
041 _aeng
050 _aQD 151.5 Hou
100 1 _aHouse, James E.
_9125
245 _aInorganic chemistry
_c/ by James E. House
250 _aSecond edition
260 _aAmsterdam :
_bElsevier,
_c[2013]
300 _axiv, 832 pages : illustrations
336 _2rdacontent
_aText |
_btxt
337 _2rdamedia
_aunmediated |
_bu
338 _2rdacarrier
_avolume
504 _aIncludes appendix and index
650 0 _9126
_aCHEMISTRY, INORGANIC--TEXTBOOKS
942 _2lcc
_c002
999 _c81191
_d81191